000
00272nam a22001217a 4500
082
_a
920
_b
BAN/I
100
_a
BANERJEE,HIRANMAY
245
_a
ISWARCHANDRA VIDYASAGAR
260
_a
NEW DELHI
_b
SAHITYA AKADEMI
300
_a
87
650
_a
BIOGRAPHY
_z
NEW DELHI
942
_c
BK
999
_c
6229
_d
6229